Sports Quiz

Random Sports Quiz
Score 0/8 Timer 02:00
0 Plays Today
% Correct
Lenny Dykstra
96.5%
Keith Hernandez
95%
Gary Carter
94.3%
Darryl Strawberry
93.2%
Ray Knight
92.2%
Wally Backman
81.9%
George Foster
70.5%
Rafael Santana
69.2%

You're not logged in!

Compare scores with friends on all Sporcle quizzes.
OR
Log In

Sporcle TV

Today on Sporcle TV


Watch our educational content, quiz creation guides, and fun videos on Sporcle TV.

Show Comments

Extras

Top Quizzes Today


Score Distribution

Paid Content

Your Account Isn't Verified!

In order to create a playlist on Sporcle, you need to verify the email address you used during registration. Go to your Sporcle Settings to finish the process.

Report this User

Report this user for behavior that violates our Community Guidelines.

Details: